Statistics for Guess the Song - Part Two

Click here to take the quiz!

General Stats

  • This quiz has been taken 742 times
  • The average score is 24 of 32

Answer Stats

Author/Song% Correct
Led Zeppelin - Stairway to {Heaven}
96%
Celine Dion - My {Heart} Will Go On
95%
Mariah Carey - All I Want for {Christmas} Is You
95%
Bob Dylan - Knockin’ on Heaven’s {Door}
94%
Bon Jovi - Livin' on a {Prayer}
93%
Eagles - Hotel {California}
92%
Cher - If I Could Turn Back {Time}
90%
Pink Floyd - Another Brick in the {Wall}
88%
Billy Joel - Uptown {Girl}
87%
Coolio - Gangsta's {Paradise}
85%
Bruce Springsteen - Born in the {USA}
84%
Johnny Cash - Ring of {Fire}
84%
Metallica - Nothing Else {Matters}
84%
MC Hammer - U Can't {Touch} This
83%
Aerosmith - I Don't Want to Miss a {Thing}
80%
The Rolling Stones - (I Can’t Get No) {Satisfaction}
79%
Tina Turner - Simply the {Best}
78%
Bryan Adams - ({Everything} I Do) I Do It for You
76%
Elton John - I'm Still {Standing}
76%
The Rembrandts - I'll Be there {for} {You}
76%
Deep Purple - Smoke on the {Water}
74%
Eurythmics - Sweet {Dreams}
73%
Bob Marley - No Woman No {Cry}
70%
Ace of Base - All that She {Wants}
67%
Roy Orbison - {Pretty} Woman
67%
George Harrison - I've Got My {Mind} Set on You
63%
Stevie Wonder - I Just {Called} to Say I Love You
62%
Sting - Englishman in {New} {York}
53%
Elvis Presley - A Little Less {Conversation}
49%
Lenny Kravitz - {American} Woman
44%
Freddie Mercury - Living on {My} {Own}
20%
Genesis - {Jesus} He Loves Me
20%

Score Distribution

Percentile by Number Answered

Percent of People with Each Score

Your Score History

You have not taken this quiz